Top 50 Strongest Animals In The World - Statistics

General Stats
  • This quiz has been taken 244 times
  • The average score is 12 of 50
Answer Stats
Hint Answer % Correct
3 Leafcutter Ant
87%
6 Tiger
85%
18 Lion
83%
8 African Bush Elephant
77%
14 Hippopotamus
65%
4 Gorilla
61%
15 Polar Bear
56%
10 Grizzly Bear
49%
5 Eagle
47%
12 Saltwater Crocodile
47%
20 Leopard
43%
26 Giraffe
42%
13 Jaguar
42%
28 Orca
38%
29 Cheetah
37%
11 Blue Whale
36%
16 American Black Bear
34%
9 Anaconda
31%
27 Great White Shark
29%
43 King Cobra
27%
7 Musk Ox
26%
17 Hyena
21%
25 Kangaroo
21%
24 Zebra
21%
30 Black Mamba
20%
1 Dung Beetle
16%
31 Mosquito
10%
23 Hercules Beetle
6%
19 Honey Badger
5%
2 Rhinoceros Beetle
5%
49 Black Widow Spider
3%
32 Box Jellyfish
3%
50 Lionfish
2%
48 Stonefish
2%
34 Blue-Ringed Octopus
1%
47 Brazilian Wandering Spider
1%
36 Cone Snail
1%
42 Deathstalker Scorpion
1%
39 Funnel-Web Spider
1%
46 Indian Cobra
1%
33 Inland Taipan Snake
1%
21 Tasmanian Devil
1%
38 Boomslang
0%
45 Common Krait
0%
37 Dubois Sea Snake
0%
44 Fat-Tailed Scorpion
0%
22 Goliath Grouper
0%
40 Indian Red Scorpion
0%
35 Irukandji Jellyifsh
0%
41 Saw-Scaled Viper
0%
No matching quizzes found
Score Distribution
Percent of People with Each Score
Percentile by Number Answered
Your Score History
You have not taken this quiz